01402nam a2200229Ia 4500001000600000003000900006008004100015040001300056040001300069041001300082100002300095100002900118245003200147245003200179250001100211260002100222260004900243300005700292500076800349650002401117650003101141H6854IT-RoPAU130308s9999 xx 000 0 und d aIT-RoPAU cIT-RoPAU aITALIANO aErnetti Pellegrino gCodice Aut. SPICS: 12399 aStoria del canto gregoriano bStoria del Canto Gregoriano a3a ed. bJucunda Laudatio c1990 [1° Ed.:1982 - Ed.Ling.Originale:1982] a"488 p. (prefazione: no ; testo: 488 [pagine: 0-0])" a"Revisione Aggiornamenti di Pellizzari Wally. I Canto Liturgico Antichita':Pagani e Musica Sacra; Musica sacra e vecchio Testamento; Musica sacra Nelnuovo Testamento; Romana Cantilena nelle Sue Origini; Opera di Gregorio Magno; Diffusione Canto Gregoriano; Datazione Diversi Canti; Guido Pomposiano; lungo Periodo di Decadenza (Decadenza Gregoriana Pre Tridentina e Post Tridentina). Ii Tempi moderni Canto Gregoriano: Motu Proprio di San Poi X; Ratisbona e Solesm; Dopo San Pio X. III dal Concilio Vaticano Ii: Musica sacra nella costituzione De sacra Liturgia; Musica sacra Dopo Concilio; Canto Gregoriano in Italia; Analisi Estetico Modale Canto Gregoriano; Armonizzazione Monodia Sacra, si o No?; Direzione Canto Gregoriano; Spiritualitaà Canto Gregoriano." aSTORIA DELLA MUSICA eCodice materia Spics: 7008